004300000a22001090004500090001700000245011900017041001400136100003400150942001300184773010600197999001700303 aASbSeriadas10aRegistro de las condiciones ambientales de la laguna sur () entre 1981-19840 aEspañol1 aAlvarez León, Ricardo91884 cARTICULO1 tRevista de la Academia Colombiana de Ciencias Exactas, Fisicas y Naturales332h74q509-526d1995g19 c14003d14003